00529cam a22001452 b4500020002900000020001800029082002600047100001900073245010200092260005500194520001500249526003700264700002200301856006000323 a0821340336 (Trade Paper) a978082134033200a363.738/7/095bCLEcD1 aWalsh, Michael10aClean Fuels for AsiabTechnical Options for Moving Toward Unleaded Gasoline and Low-Sulfur Diesel aWashington : bWorld Bank PublicationscSept. 19978 aAnnotation a0b0c0d363_738709500000000_CLE1 aShah, Jitendra J.40uhttp://www.columbia.edu/cgi-bin/cul/resolve?clio7973443